000 00668nam a2200265Ia 4500
005 20260121170456.0
008 008 260114s9999 xx 000 0 eng d
020 _a9783319785714
037 _aEBOOK
040 _aCRL
040 _beng
040 _cCRL
041 _2eng
041 _aeng
084 _qCRL
100 _aKai Masser, Linda Mory
_91064344
245 4 _aThe Gamification of Citizens' Participation in Policymaking
260 _bSpringer
260 _bSpringer
260 _c2018
856 _uhttps://link.springer.com/openurl?genre=book&isbn=978-3-319-78571-4
942 _cEBOOK
999 _c1630073
_d1630073